Michael Mann Films - Statistics

General Stats
  • This quiz has been taken 41 times
  • The average score is 9 of 12
Answer Stats
Hint Answer % Correct
1995 Robert De Niro and Al Pacino in absolutely flawless movie Heat
97%
1992 Daniel Day-Lewis in period drama about indians. The Last of the Mohicans
97%
2004 Tom Cruise playing a badass hitman with with silver hair in a cab driven by Jamie Foxx. Collateral
94%
2001 Will Smith in a biopic about a legendary boxer Ali
91%
2023 Adam Driver in a biopic about an iconic italian car manufacturer. Mann's comeback which isn't out at the time I'm writing this Ferrari
91%
1999 Russell Crowe with white hair and Al Pacino in investigative thriller about the tobacco industry The Insider
85%
1986 Hannibal Lecter film, back when this character was so unknown, that you could change his last name to Lecktor Manhunter
74%
2006 Jamie Foxx and Colin Farrell in a remake of Mann's own iconic 80s TV Show Miami Vice
74%
1981 James Cann playing a badass career criminal Thief
74%
2009 Johnny Depp playing a depression era bank robber Public Enemies
62%
2015 Chris Hemsworth as a hacker Blackhat
59%
1983 Some weird 80s horror movie, I don't know, haven't seen it. The Keep
38%
No matching quizzes found
Score Distribution
Percent of People with Each Score
Percentile by Number Answered
Your Score History
You have not taken this quiz